Design for diversity: exploring socially mixed neighborhoods (Record no. 63440)
[ view plain ]
| 000 -LEADER | |
|---|---|
| fixed length control field | 00802nam a2200193 a 4500 |
| 008 - FIXED-LENGTH DATA ELEMENTS--GENERAL INFORMATION | |
| fixed length control field | 101115s2008 ||||||||||||||||| || u |
| 020 ## - INTERNATIONAL STANDARD BOOK NUMBER | |
| International Standard Book Number | 9780750681179 |
| 050 ## - LIBRARY OF CONGRESS CALL NUMBER | |
| Classification number | HT 166 Tal |
| 100 ## - MAIN ENTRY--PERSONAL NAME | |
| Personal name | Talen, Emily |
| 245 10 - TITLE STATEMENT | |
| Title | Design for diversity: exploring socially mixed neighborhoods |
| 260 ## - PUBLICATION, DISTRIBUTION, ETC. | |
| Place of publication, distribution, etc. | Oxford |
| Name of publisher, distributor, etc. | Elsevier |
| Date of publication, distribution, etc. | 2008 |
| 300 ## - PHYSICAL DESCRIPTION | |
| Extent | [ii], 246p.: ill. |
| 350 ## - | |
| -- | 0.00 |
| 650 ## - SUBJECT ADDED ENTRY--TOPICAL TERM | |
| Topical term or geographic name entry element | PLANNING |
| 650 ## - SUBJECT ADDED ENTRY--TOPICAL TERM | |
| Topical term or geographic name entry element | HUMAN BEHAVIOUR |
| 650 #0 - SUBJECT ADDED ENTRY--TOPICAL TERM | |
| Topical term or geographic name entry element | CITY PLANNING |
| 995 ## - | |
| -- | MAIN LIBRARY OPEN ACCESS |
| -- | 0.00 |
| -- | 742255 |
| -- | CBU-MAIN LIBRARY (Kitwe) |
| -- | 1 |
| -- | 0.00 |
| -- | HT 166 Tal |
| -- | 1 |
| -- | AVAILABLE |
| -- | Dec 29, 2010 |
| -- | 742255 |
| -- | Main Library Open Access Collection |
| 995 ## - | |
| -- | MAIN LIBRARY OPEN ACCESS |
| -- | 0.00 |
| -- | 742624 |
| -- | CBU-MAIN LIBRARY (Kitwe) |
| -- | 1 |
| -- | 0.00 |
| -- | HT 166 Tal |
| -- | 2 |
| -- | AVAILABLE |
| -- | Mar 21, 2012 |
| -- | 742624 |
| -- | Main Library Open Access Collection |
| 999 ## - | |
| -- | 63440 |
| -- | 63440 |
| Withdrawn status | Lost status | Source of classification or shelving scheme | Damaged status | Not for loan | Permanent Location | Current Location | Shelving location | Date acquired | Total Checkouts | Full call number | Barcode | Date last seen | Price effective from | Koha item type |
|---|---|---|---|---|---|---|---|---|---|---|---|---|---|---|
| CBU-MAIN LIBRARY, KITWE. | CBU-MAIN LIBRARY, KITWE. | 12/24/2022 | HT 166 Tal | 742255 | 12/24/2022 | 12/24/2022 | MONOGRAPH | |||||||
| CBU-MAIN LIBRARY, KITWE. | CBU-MAIN LIBRARY, KITWE. | 12/24/2022 | HT 166 Tal | 742624 | 12/24/2022 | 12/24/2022 | MONOGRAPH |